Hodnocení ekosystémových služeb veřejné sídelní zeleně /

Hlavní autor: Zemek, František
Jazyk: Čeština
Vydáno: [Brno] : Ústav výzkumu globální změny AV ČR, v.v.i., 2021
Edice: Certifikovaná metodika
Témata:
Fyzický popis: 112 stran : ilustrace (převážně barevné) ; 25 cm
Knihy
Uloženo v:
LEADER 02119nam a2200541 i 4500
001 nkc20223421054
003 CZ PrNK
005 20240403140328.0
007 ta
008 220512s2021 xr a f f 000 0 cze
015 |a cnb003421054 
020 |a 978-80-87902-31-8  |q (brožováno) 
035 |a (OCoLC)1335743812 
040 |a OLA001  |b cze  |d ABA001  |e rda 
072 7 |a 502  |x Životní prostředí a jeho ochrana  |2 Konspekt  |9 2 
080 |a 712.252  |2 MRF 
080 |a 502.21:574.4/.5  |2 MRF 
080 |a 502.22:711.4  |2 MRF 
080 |a 502  |2 MRF 
080 |a (083.744)  |2 MRF 
100 1 |a Zemek, František  |7 stk2007393950  |4 aut 
245 1 0 |a Hodnocení ekosystémových služeb veřejné sídelní zeleně /  |c František Zemek a kolektiv 
264 1 |a [Brno] :  |b Ústav výzkumu globální změny AV ČR, v.v.i.,  |c 2021 
300 |a 112 stran :  |b ilustrace (převážně barevné) ;  |c 25 cm 
336 |a text  |b txt  |2 rdacontent 
337 |a bez média  |b n  |2 rdamedia 
338 |a svazek  |b nc  |2 rdacarrier 
490 1 |a Certifikovaná metodika 
500 |a 70 výtisků 
504 |a Obsahuje bibliografie a bibliografické odkazy 
650 0 7 |a veřejná zeleň  |7 ph127078  |2 czenas 
650 0 7 |a ekosystémové služby  |7 ph628982  |2 czenas 
650 0 7 |a životní prostředí měst  |7 ph135447  |2 czenas 
650 0 7 |a péče o životní prostředí  |7 ph135424  |2 czenas 
650 0 9 |a urban plants  |2 eczenas 
650 0 9 |a ecosystem services  |2 eczenas 
650 0 9 |a urban ecology  |2 eczenas 
650 0 9 |a environmental care  |2 eczenas 
655 7 |a certifikované metodiky  |7 fd806827  |2 czenas 
655 9 |a certified methodology  |2 eczenas 
810 2 |a Ústav výzkumu globální změny (Akademie věd ČR).  |t Metodika  |0 s 
910 2 |a BOA001  |b 2-1489.106 
928 9 |a Akademie věd České republiky, Ústav výzkumu globální změny 
990 |a BK 
995 |a 01 
991 |b 202206  |c NOV 
996 6 |b 2610905031  |c 2-1489.106  |l MZK  |r Sklad / do 1 hodiny  |n 1  |p p.v.  |w 001888049  |u 000010  |a 1  |e BOA001  |j MZK50  |s P 
996 7 |b 2610905032  |c 2-1489.106  |l MZK  |r Sklad / do 1 hodiny  |n 6  |p p.v.  |w 001888049  |u 000020  |a 1  |e BOA001  |j MZK50  |s A